Brazilian Championship A Series Teams since 2003 - Statistics

General Stats
  • This quiz has been taken 65 times
  • The average score is 19 of 29
Answer Stats
Participation Team % Correct
19 Flamengo
100%
17 Palmeiras
94%
19 Santos
94%
19 Sao Paulo
94%
18 Corinthians
90%
18 Gremio
90%
18 Atletico Mineiro
87%
16 Botafogo
87%
19 Fluminense
87%
16 Vasco da Gama
85%
17 Cruzeiro
81%
18 Internacional
73%
9 Bahia
67%
18 Athletico Paranaense
63%
6 Parana
62%
6 Fortaleza
60%
11 Sport
58%
6 America (MG)
48%
14 Goias
48%
7 Chapecoense
46%
14 Coritiba
46%
6 Ceara
44%
10 Vitoria
42%
6 Avai
40%
6 Juventude
40%
6 Atletico Goianense
38%
6 Nautico
38%
9 Ponte Preta
35%
11 Figueirense
31%
No matching quizzes found
Score Distribution
Percent of People with Each Score
Percentile by Number Answered
Your Score History
You have not taken this quiz